[Event "2e Open International de Balagne"]
[Site "Calvi"]
[Date "2005.02.23"]
[Round "6.13"]
[White "Brethes, Francois"]
[Black "Battesti, Marc-Andria"]
[Result "1-0"]
[WhiteElo "2147"]
[BlackElo "1819"]
[PlyCount "37"]
[EventDate "2005.??.??"]

1. d4 e6 2. c4 d5 3. e3 Nf6 4. Nf3 Nbd7 5. Bd3 c6 6. Nbd2 Bd6 7. e4 dxe4 8.
Nxe4 Nxe4 9. Bxe4 O-O 10. O-O Nf6 11. Bc2 h6 12. b3 Qc7 13. Bb2 Re8 14. Qd3 b6
15. Rad1 Be7 16. d5 cxd5 17. cxd5 Rd8 18. Bxf6 Bxf6 19. d6 1-0

8. Bxf6 Bxf6
19. d6 1-0

[Event "2e Open International de Balagne"]
[Site "Calvi"]
[Date "2005.02.23"]
[Round "6.17"]
[White "Cwiek, Loic"]
[Black "Reppen, Sigmund"]
[Result "0-1"]
[WhiteElo "2042"]
[BlackElo "1699"]
[PlyCount "56"]
[EventDate "2005.??.??"]

1. Nf3 Nf6 2. c4 c5 3. Nc3 Nc6 4. d4 cxd4 5. Nxd4 d6 6. e4 e5 7. Ndb5 a6 8. Na3
Be7 9. Nc2 Be6 10. Be2 O-O 11. O-O Rc8 12. Ne3 Nd4 13. Ned5 Nxd5 14. Nxd5 f5
15. Be3 Nxe2+ 16. Qxe2 Bxd5 17. exd5 f4 18. Bd2 Qd7 19. Rac1 Rf6 20. Rc3 Rcf8
21. Rh3 g5 22. c5 Qf5 23. cxd6 Bxd6 24. Rh5 e4 25. h4 h6 26. Bc3 f3 27. Qd1 Qg4
28. g3 Qh3 0-1

. cxd6 Bxd6 24. Rh5 e4 25. h4 h6 26. Bc3 f3 27. Qd1 Qg4 28.
g3 Qh3 0-1

[Event "2e Open International de Balagne"]
[Site "Calvi"]
[Date "2005.02.24"]
[Round "7.1"]
[White "Kryvoruchko, Yuriy"]
[Black "Hamdouchi, Hicham"]
[Result "1-0"]
[WhiteElo "2474"]
[BlackElo "2555"]
[PlyCount "55"]
[EventDate "2005.??.??"]

1. e4 c5 2. Nf3 Nc6 3. Nc3 Nf6 4. Bb5 Qc7 5. O-O Nd4 6. Nxd4 cxd4 7. Nd5 Nxd5
8. exd5 Qc5 9. c4 dxc3 10. Qb3 a6 11. Be2 e6 12. dxc3 Bd6 13. Be3 Qc7 14. g3 b5
15. a4 bxa4 16. Rxa4 O-O 17. Rd1 Rb8 18. Qa2 Bb7 19. Rc4 Qd8 20. dxe6 Be5 21.
Rxd7 Qf6 22. Rb4 Bc6 23. Rxf7 Qg6 24. Rxf8+ Kxf8 25. Rxb8+ Bxb8 26. Qxa6 Qxe6
27. Bb5 Bd5 28. Qxe6 1-0

[Event "2e Open International de Balagne"]
[Site "Calvi"]
[Date "2005.02.24"]
[Round "7.2"]
[White "Grabinsky, Vladimir"]
[Black "Malakhatko, Vadim"]
[Result "1-0"]
[WhiteElo "2315"]
[BlackElo "2569"]
[PlyCount "48"]
[EventDate "2005.??.??"]

1. e4 c5 2. b4 cxb4 3. a3 bxa3 4. d4 d5 5. exd5 Qxd5 6. Nxa3 Qd8 7. Nb5 Bd7 8.
Nf3 Nf6 9. Ne5 e6 10. Qf3 Nc6 11. Bf4 Rc8 12. Nc4 Bb4+ 13. c3 O-O 14. cxb4 Nxb4
15. Nba3 Nc6 16. Qd1 Nb4 17. f3 Nfd5 18. Be5 Nc3 19. Qd2 f6 20. Bg3 e5 21. dxe5
Qe7 22. Bd3 b5 23. Nd6 Rcd8 24. O-O fxe5 1-0

[Event "2e Open International de Balagne"]
[Site "Calvi"]
[Date "2005.02.24"]
[Round "7.3"]
[White "Oleksienko, Mikhailo"]
[Black "Chatalbashev, Boris"]
[Result "1-0"]
[WhiteElo "2469"]
[BlackElo "2538"]
[PlyCount "61"]
[EventDate "2005.??.??"]

1. e4 g6 2. d4 Bg7 3. Nc3 c6 4. Nf3 d5 5. h3 Nf6 6. e5 Ne4 7. Nxe4 dxe4 8. Ng5
c5 9. Nxe4 cxd4 10. f4 Nc6 11. Bd2 Qb6 12. Bd3 Qxb2 13. O-O Qb6 14. a4 O-O 15.
a5 Qc7 16. h4 h5 17. Ng5 Bg4 18. Be2 Bxe2 19. Qxe2 Rad8 20. Qe4 Qc8 21. Rab1
Rfe8 22. f5 Nxe5 23. Rb5 f6 24. Rxe5 fxe5 25. f6 exf6 26. Qxg6 Rd6 27. Qf7+ Kh8
28. Qxh5+ Kg8 29. Qh7+ Kf8 30. Bb4 Qd8 31. h5 1-0

[Event "2e Open International de Balagne"]
[Site "Calvi"]
[Date "2005.02.24"]
[Round "7.4"]
[White "Agdestein, Simen"]
[Black "Kirszenberg, Marc"]
[Result "1/2-1/2"]
[WhiteElo "2586"]
[BlackElo "2233"]
[PlyCount "72"]
[EventDate "2005.??.??"]

1. e4 c6 2. c4 d5 3. exd5 cxd5 4. d4 Nf6 5. Nc3 Nc6 6. Bg5 Qa5 7. Nf3 Be6 8.
Bxf6 exf6 9. Qd2 Bb4 10. c5 O-O 11. Be2 b6 12. cxb6 Qxb6 13. O-O Rac8 14. a3
Bxc3 15. bxc3 Na5 16. Rab1 Qd6 17. Rfc1 Nc4 18. Bxc4 Rxc4 19. Rb4 Rfc8 20. Rxc4
Rxc4 21. Qb2 Ra4 22. Ra1 h6 23. Nd2 Ra6 24. a4 Rb6 25. Qc2 Qf4 26. a5 Rb5 27.
Nb3 Bf5 28. Qd1 Qc7 29. Nc5 Rxa5 30. h3 Rxa1 31. Qxa1 Qb6 32. Qa4 Qb1+ 33. Kh2
Qb8+ 34. Kg1 Qb1+ 35. Kh2 Qb8+ 36. Kg1 Qb1+ 1/2-1/2

[Event "2e Open International de Balagne"]
[Site "Calvi"]
[Date "2005.02.24"]
[Round "7.5"]
[White "Fossum, Oystein Boyum"]
[Black "Baklan, Vladimir"]
[Result "0-1"]
[WhiteElo "2214"]
[BlackElo "2578"]
[PlyCount "72"]
[EventDate "2005.??.??"]

1. c4 Nf6 2. g3 g6 3. Bg2 Bg7 4. Nc3 O-O 5. e3 d6 6. Nge2 c6 7. O-O e5 8. d4
Re8 9. dxe5 dxe5 10. Qxd8 Rxd8 11. b3 Na6 12. Ba3 Bf8 13. Bxf8 Kxf8 14. Rfd1
Be6 15. Na4 Ke7 16. Nec3 g5 17. h3 Rab8 18. Bf1 Nd7 19. Kg2 h6 20. Be2 f5 21.
f4 Rg8 22. Kf2 Rg7 23. Rg1 Rf8 24. Rab1 Nac5 25. Bf3 Nd3+ 26. Ke2 e4 27. Bh1
gxf4 28. gxf4 Rfg8 29. Rxg7+ Rxg7 30. a3 Nf6 31. Nb2 Nxb2 32. Rxb2 Rg3 33. Rb1
Bf7 34. Re1 Bh5+ 35. Kd2 Rxh3 36. Kc1 Rh2 0-1

[Event "2e Open International de Balagne"]
[Site "Calvi"]
[Date "2005.02.24"]
[Round "7.6"]
[White "Thomassen, Thomas"]
[Black "Vuckovic, Bojan"]
[Result "0-1"]
[WhiteElo "2046"]
[BlackElo "2525"]
[PlyCount "64"]
[EventDate "2005.??.??"]

1. Nf3 Nf6 2. c4 c5 3. g3 b6 4. Bg2 Bb7 5. Nc3 e6 6. O-O Be7 7. Re1 d6 8. e4
Nbd7 9. d4 cxd4 10. Nxd4 Qc7 11. Be3 Rc8 12. Rc1 O-O 13. f4 Qb8 14. Qe2 Qa8 15.
Bf2 Rfe8 16. g4 g6 17. h3 a6 18. a3 h5 19. g5 Nh7 20. Nf3 Nhf8 21. h4 d5 22.
cxd5 exd5 23. exd5 Bxg5 24. Qd2 Bf6 25. Bd4 Rxe1+ 26. Rxe1 Bxd5 27. Nxd5 Qxd5
28. Qe3 Rc2 29. Bh1 Qf5 30. Re2 Rxe2 31. Qxe2 Bxd4+ 32. Nxd4 Qxf4 0-1

[Event "2e Open International de Balagne"]
[Site "Calvi"]
[Date "2005.02.24"]
[Round "7.7"]
[White "Guennoun, Anthony"]
[Black "Guidarelli, Laurent"]
[Result "0-1"]
[WhiteElo "2101"]
[BlackElo "2438"]
[PlyCount "34"]
[EventDate "2005.??.??"]

1. e4 d6 2. d4 Nf6 3. Nc3 g6 4. Bg5 Bg7 5. Qd2 h6 6. Bf4 a6 7. f3 Nbd7 8. O-O-O
b5 9. g4 Nb6 10. Bd3 b4 11. Nce2 c5 12. dxc5 dxc5 13. Qe3 Nfd7 14. e5 Nd5 15.
Qf2 e6 16. Bg3 Qa5 17. Bc4 N5b6 0-1

[Event "2e Open International de Balagne"]
[Site "Calvi"]
[Date "2005.02.24"]
[Round "7.8"]
[White "Vovk, Yuri"]
[Black "Brethes, Francois"]
[Result "1-0"]
[WhiteElo "2420"]
[BlackElo "2147"]
[PlyCount "109"]
[EventDate "2005.??.??"]

1. e4 b6 2. d4 Bb7 3. Nc3 e6 4. Bd3 Bb4 5. Nge2 c5 6. a3 cxd4 7. axb4 dxc3 8.
b5 d5 9. Nxc3 dxe4 10. Bxe4 Qxd1+ 11. Kxd1 Bxe4 12. Nxe4 Nd7 13. Be3 Ke7 14.
Ke2 Ngf6 15. Nxf6 Nxf6 16. c4 Rhb8 17. Ra6 Nd7 18. Rd1 Rb7 19. b4 Ke8 20. Kd2
Rc8 21. Kc3 Rbc7 22. Kb3 e5 23. Ra2 Nf6 24. f3 Rd7 25. Rad2 Ke7 26. Rxd7+ Nxd7
27. Kc3 Rc7 28. Rc1 Kd6 29. Rd1+ Ke6 30. Kb3 f5 31. Ra1 h6 32. Ra6 Ke7 33. g3
Nb8 34. Ra2 Nd7 35. Kc3 Nf6 36. Rd2 Ke6 37. Kb3 Nd7 38. Re2 Ke7 39. Bd2 Ke6 40.
Bc3 g6 41. Bxe5 Nxe5 42. f4 Kf6 43. Rxe5 Rd7 44. Rd5 Rxd5 45. cxd5 Ke7 46. Kc4
Kd7 47. Kd4 Kd6 48. h3 g5 49. fxg5 hxg5 50. g4 f4 51. Ke4 Ke7 52. h4 gxh4 53.
Kxf4 Kd6 54. g5 Kxd5 55. Kg4 1-0

[Event "2e Open International de Balagne"]
[Site "Calvi"]
[Date "2005.02.24"]
[Round "7.9"]
[White "Reppen, Sigmund"]
[Black "Muzychuk, Anna"]
[Result "0-1"]
[WhiteElo "1699"]
[BlackElo "2387"]
[PlyCount "64"]
[EventDate "2005.??.??"]

1. e4 Nc6 2. Nf3 d5 3. exd5 Qxd5 4. Nc3 Qh5 5. d4 Bg4 6. Be2 O-O-O 7. Be3 e5 8.
d5 Nf6 9. Ng5 Nb4 10. Bxg4+ Nxg4 11. Rc1 Qh4 12. g3 Nxe3 13. gxh4 Nxd1 14. Rxd1
Rd7 15. Rd2 h6 16. Nf3 Bd6 17. a3 Na6 18. Ne4 Re8 19. O-O f5 20. Nxd6+ Rxd6 21.
c4 Nc5 22. Kh1 Ne4 23. Rc2 g5 24. hxg5 hxg5 25. Nd2 Nf6 26. f3 g4 27. fxg4 Nxg4
28. Rb1 Rh6 29. Nf1 f4 30. b4 e4 31. Rbb2 f3 32. c5 e3 0-1

[Event "2e Open International de Balagne"]
[Site "Calvi"]
[Date "2005.02.24"]
[Round "7.10"]
[White "Yakivchik, Myroslava"]
[Black "Stubberud, Ornulf"]
[Result "0-1"]
[WhiteElo "2360"]
[BlackElo "2093"]
[PlyCount "120"]
[EventDate "2005.??.??"]

1. e4 c5 2. b4 cxb4 3. a3 e6 4. axb4 Bxb4 5. c3 Be7 6. d4 d6 7. Bd3 Nf6 8. Ne2
Nbd7 9. f4 O-O 10. O-O e5 11. Ng3 Re8 12. Na3 Bf8 13. Nc4 Nb6 14. fxe5 dxe5 15.
Nxe5 Rxe5 16. Rxf6 Qxf6 17. dxe5 Qxe5 18. Be3 Bc5 19. Qe1 Be6 20. Bxc5 Qxc5+
21. Kh1 Nc4 22. Bxc4 Bxc4 23. Nf5 Qe5 24. Rd1 Be6 25. Nd4 Re8 26. Nf3 Qf4 27.
e5 Qc4 28. Rd4 Qc7 29. h3 h6 30. Qd2 Rc8 31. Qd3 a6 32. Rd6 Qc4 33. Qc2 a5 34.
Rd4 Qb3 35. Qd3 Qb6 36. Rd6 Qc5 37. Nd4 Qxe5 38. Nxe6 fxe6 39. c4 a4 40. Rd7
Ra8 41. Qa3 b5 42. cxb5 Qxb5 43. Rd4 Qb3 44. Qe7 Qe3 45. Rxa4 Rxa4 46. Qe8+ Kh7
47. Qxa4 e5 48. Qd7 Qf4 49. Qd6 Qf1+ 50. Kh2 Qf5 51. Qd5 h5 52. Kg1 Qf4 53. Qd1
Qd4+ 54. Qxd4 exd4 55. Kf2 Kg6 56. Ke2 Kf5 57. Kd3 Kf4 58. g4 hxg4 59. hxg4
Kxg4 60. Kxd4 Kf3 0-1

[Event "2e Open International de Balagne"]
[Site "Calvi"]
[Date "2005.02.24"]
[Round "7.11"]
[White "Borchgrevink, Harald"]
[Black "Massoni, Michael"]
[Result "1-0"]
[WhiteElo "2257"]
[BlackElo "2026"]
[PlyCount "59"]
[EventDate "2005.??.??"]

1. d4 Nf6 2. c4 g6 3. Nc3 d5 4. Bf4 Bg7 5. Rc1 c6 6. e3 e6 7. Be2 Nbd7 8. h4
O-O 9. h5 Re8 10. hxg6 hxg6 11. Nf3 a6 12. c5 b6 13. b4 a5 14. b5 Bb7 15. cxb6
Qxb6 16. Na4 Qa7 17. bxc6 Rac8 18. cxd7 Nxd7 19. O-O Rxc1 20. Qxc1 e5 21. Nxe5
Nxe5 22. Bxe5 Bxe5 23. dxe5 Rxe5 24. Qc7 Re8 25. Rb1 Rb8 26. Qb6 Qxb6 27. Rxb6
Kg7 28. Ba6 Rc8 29. Bxb7 Rc1+ 30. Kh2 1-0

[Event "2e Open International de Balagne"]
[Site "Calvi"]
[Date "2005.02.24"]
[Round "7.12"]
[White "Rossi, Pascal"]
[Black "Galdunts, Sergey"]
[Result "0-1"]
[WhiteElo "1811"]
[BlackElo "2489"]
[PlyCount "56"]
[EventDate "2005.??.??"]

1. d4 g6 2. Nf3 Bg7 3. c4 f5 4. Nc3 Nf6 5. Qc2 O-O 6. e3 d6 7. a3 c6 8. Be2 Qe8
9. d5 Na6 10. O-O Bd7 11. dxc6 bxc6 12. Rb1 e5 13. b4 Nc7 14. Bb2 Qe7 15. Na4
Ne4 16. Rfd1 Rac8 17. c5 d5 18. Nc3 g5 19. Ne1 g4 20. Nxe4 fxe4 21. Bf1 Rf5 22.
g3 Rcf8 23. Rd2 Bh6 24. Ng2 Ne6 25. Nh4 Rxf2 26. Rxf2 Bxe3 27. Kh1 Rxf2 28. Qc3
Bd4 0-1

[Event "2e Open International de Balagne"]
[Site "Calvi"]
[Date "2005.02.24"]
[Round "7.13"]
[White "Zozulia, Anna"]
[Black "Gil, Ludovic"]
[Result "1-0"]
[WhiteElo "2411"]
[BlackElo "1790"]
[PlyCount "59"]
[EventDate "2005.??.??"]

1. e4 c5 2. Nf3 Nc6 3. Nc3 e5 4. Bc4 Be7 5. d3 Nf6 6. O-O O-O 7. Ne1 d6 8. f4
Bg4 9. Nf3 Nd4 10. fxe5 dxe5 11. Kh1 Qd6 12. Be3 a6 13. a4 h6 14. Qd2 Nd7 15.
Nd5 Nb6 16. Nxb6 Qxb6 17. Nxe5 Be6 18. Bxe6 Qxe6 19. Nf3 Nc6 20. Qf2 b6 21.
Rad1 Nb4 22. d4 Rac8 23. d5 Qf6 24. e5 Qg6 25. d6 Bd8 26. Rfe1 Nc6 27. c3 a5
28. Bf4 Qg4 29. Qg3 Qxg3 30. Bxg3 1-0

[Event "2e Open International de Balagne"]
[Site "Calvi"]
[Date "2005.02.24"]
[Round "7.14"]
[White "Sanchez, Nicolas"]
[Black "Luciani, Thibault"]
[Result "1-0"]
[WhiteElo "2166"]
[BlackElo "1540"]
[PlyCount "35"]
[EventDate "2005.??.??"]

1. d4 d5 2. Nf3 Nc6 3. Bf4 Bg4 4. e3 e6 5. c4 Nf6 6. h3 Bh5 7. Nc3 Be7 8. Be2
Nd7 9. cxd5 exd5 10. Nxd5 Rc8 11. O-O O-O 12. Qb3 Na5 13. Nxe7+ Qxe7 14. Qb5
Bxf3 15. Bxf3 b6 16. Rfc1 Nf6 17. Rab1 c6 18. Qa6 1-0

[Event "2e Open International de Balagne"]
[Site "Calvi"]
[Date "2005.02.24"]
[Round "7.19"]
[White "Burghouwt, Petrus"]
[Black "Cwiek, Loic"]
[Result "0-1"]
[WhiteElo "1730"]
[BlackElo "2042"]
[PlyCount "70"]
[EventDate "2005.??.??"]

1. Nc3 b6 2. d4 Bb7 3. e4 e6 4. Bd3 Bb4 5. Nge2 f5 6. O-O Ne7 7. a3 Bxc3 8.
Nxc3 O-O 9. Bg5 h6 10. Bxe7 Qxe7 11. exf5 exf5 12. Qh5 Nc6 13. Rfe1 Qf7 14.
Qxf7+ Kxf7 15. Bc4+ Kg6 16. Rad1 Rae8 17. Rxe8 Rxe8 18. Ne2 Na5 19. Bd3 Be4 20.
Nf4+ Kf7 21. f3 Bxd3 22. Nxd3 Re2 23. c3 Nc4 24. Ne5+ Nxe5 25. dxe5 Ke6 26. f4
Rxb2 27. a4 Rb3 28. Rd3 Ra3 29. h4 Rxa4 30. Rg3 Rxf4 31. Rxg7 Rxh4 32. g3 Rg4
33. Rh7 Rxg3+ 34. Kh2 Rxc3 35. Rxh6+ Kxe5 0-1

[Event "2e Open International de Balagne"]
[Site "Calvi"]
[Date "2005.02.24"]
[Round "7.26"]
[White "Getz, Nicolai"]
[Black "Stubbe, Damien"]
[Result "0-1"]
[WhiteElo "1519"]
[BlackElo "1889"]
[PlyCount "118"]
[EventDate "2005.??.??"]

1. e4 c5 2. Nf3 d6 3. d4 cxd4 4. Nxd4 Nf6 5. Nc3 e6 6. Bg5 Be7 7. Ndb5 a6 8.
Bxf6 gxf6 9. Nd4 Nc6 10. Bc4 Qb6 11. Nb3 Ne5 12. Be2 Rg8 13. Rg1 Bd7 14. Qd4
Qxd4 15. Nxd4 b5 16. a3 Rc8 17. O-O-O Ng4 18. Bxg4 Rxg4 19. f3 Rg7 20. g4 Bd8
21. Nde2 Ke7 22. f4 a5 23. Rg3 Bb6 24. h3 b4 25. axb4 axb4 26. Na2 Bc5 27. Nd4
Ra8 28. Kb1 Rgg8 29. g5 fxg5 30. Rxg5 Rxg5 31. fxg5 e5 32. Nf5+ Bxf5 33. exf5
Rg8 34. f6+ Ke6 35. h4 h6 36. gxh6 Rh8 37. Rh1 Rxh6 38. h5 Kxf6 39. Rf1+ Ke6
40. Rh1 f5 41. Nc1 f4 42. Nd3 Kf5 43. Nxc5 dxc5 44. Kc1 Kg5 45. Re1 Rxh5 46.
Rxe5+ Kg4 47. Re8 f3 48. Kd2 Kf4 49. Rg8 c4 50. Rf8+ Rf5 51. Rg8 c3+ 52. bxc3
bxc3+ 53. Ke1 Re5+ 54. Kd1 f2 55. Rf8+ Ke3 56. Rf7 Re4 57. Rf8 Rd4+ 58. Kc1 Ke2
59. Re8+ Kf3 0-1

[Event "2e Open International de Balagne"]
[Site "Calvi"]
[Date "2005.02.25"]
[Round "8.1"]
[White "Kryvoruchko, Yuriy"]
[Black "Grabinsky, Vladimir"]
[Result "1-0"]
[WhiteElo "2474"]
[BlackElo "2315"]
[PlyCount "85"]
[EventDate "2005.??.??"]

1. e4 c5 2. Nf3 d6 3. d4 cxd4 4. Qxd4 a6 5. c4 Nc6 6. Qd2 Nf6 7. Nc3 g6 8. b3
Bg7 9. Bb2 O-O 10. Be2 a5 11. O-O a4 12. Nxa4 Nxe4 13. Qd3 Bxb2 14. Nxb2 f5 15.
Na4 e5 16. Rfd1 Be6 17. Nc3 Nxc3 18. Qxc3 Qe7 19. Rd2 f4 20. Bd3 Bg4 21. Be4
Bxf3 22. Bxf3 Nd4 23. Re1 Nxf3+ 24. Qxf3 Kg7 25. a4 Rac8 26. Qd5 Rf6 27. f3 Rc5
28. Qe4 Qc7 29. Kf1 Qb6 30. Rd3 Kf7 31. Ke2 Qb4 32. Kd1 Rc6 33. Kc2 Ke7 34. Rd5
Rb6 35. Rb5 Rxb5 36. axb5 Kd8 37. Ra1 Rf7 38. Qd5 Rd7 39. Ra8+ Kc7 40. Qg8 Qe1
41. Qb8+ Kb6 42. Qa7+ Kc7 43. b6+ 1-0

[Event "2e Open International de Balagne"]
[Site "Calvi"]
[Date "2005.02.25"]
[Round "8.2"]
[White "Hamdouchi, Hicham"]
[Black "Baklan, Vladimir"]
[Result "1/2-1/2"]
[WhiteElo "2555"]
[BlackElo "2578"]
[PlyCount "96"]

1. e4 c5 2. Nf3 Nc6 3. d4 cxd4 4. Nxd4 Nf6 5. Nc3 d6 6. Bg5 e6 7. Qd2 a6 8.
O-O-O Bd7 9. f3 h6 10. Be3 b5 11. Nxc6 Bxc6 12. Ne2 Qc7 13. h4 Bb7 14. Kb1 Rc8
15. Rh3 h5 16. Rh1 b4 17. Rc1 d5 18. e5 Nd7 19. f4 Nc5 20. Bxc5 Bxc5 21. Rh3 a5
22. Nd4 Qb6 23. Rd1 g6 24. Bb5+ Kf8 25. Be2 Ba6 26. Bxa6 Qxa6 27. Rd3 Bxd4 28.
Rxd4 Qb6 29. Rd3 Qd8 30. Qf2 Rc4 31. b3 Rc6 32. Qg3 Qe7 33. Qg5 Qxg5 34. fxg5
Kg7 35. c3 bxc3 36. Kc2 Rhc8 37. Rd4 Rc5 38. R1d3 R8c7 39. Rf3 Kf8 40. a3 Ke8
41. g3 Kf8 42. Rff4 Ke8 43. g4 hxg4 44. Rxg4 Rb5 45. Rg1 Rcb7 46. Rb1 Rc7 47.
Re1 Rcb7 48. Rb1 Rc7 1/2-1/2

[Event "2e Open International de Balagne"]
[Site "Calvi"]
[Date "2005.02.26"]
[Round "8.3"]
[White "Malakhatko, Vadim"]
[Black "Muzychuk, Anna"]
[Result "1-0"]
[WhiteElo "2569"]
[BlackElo "2387"]
[PlyCount "43"]

1. d4 f5 2. Nc3 d5 3. Bf4 c6 4. e3 Nf6 5. Bd3 e6 6. Nf3 Be7 7. O-O O-O 8. Ne2
Nbd7 9. h3 Ne4 10. c4 b6 11. Qa4 Bb7 12. b4 a5 13. b5 c5 14. Bh2 g5 15. cxd5
exd5 16. Rad1 Bf6 17. Ne5 cxd4 18. exd4 Bxe5 19. dxe5 Qe7 20. Bxe4 fxe4 21. Nc3
Nxe5 22. Nxd5 1-0

[Event "2e Open International de Balagne"]
[Site "Calvi"]
[Date "2005.02.25"]
[Round "8.4"]
[White "Vuckovic, Bojan"]
[Black "Vovk, Yuri"]
[Result "1-0"]
[WhiteElo "2525"]
[BlackElo "2420"]
[PlyCount "61"]
[EventDate "2005.??.??"]

1. e4 c5 2. Nf3 Nc6 3. d4 cxd4 4. Nxd4 Nf6 5. Nc3 e5 6. Ndb5 d6 7. Bg5 a6 8.
Na3 b5 9. Bxf6 gxf6 10. Nd5 f5 11. Bd3 Be6 12. O-O Bxd5 13. exd5 Ne7 14. Re1
Bg7 15. c3 e4 16. Bf1 Rc8 17. f3 b4 18. cxb4 Qb6+ 19. Kh1 Qxb4 20. Bxa6 Rc5 21.
Nc4 Rxc4 22. a3 Qc5 23. b4 Qc7 24. Bxc4 Qxc4 25. Qa4+ Kf8 26. Rac1 Bc3 27. Qd7
Qd4 28. Qd8+ Kg7 29. Qxe7 Bxe1 30. Qg5+ Kf8 31. Rc8# 1-0

[Event "2e Open International de Balagne"]
[Site "Calvi"]
[Date "2005.02.25"]
[Round "8.5"]
[White "Guidarelli, Laurent"]
[Black "Oleksienko, Mikhailo"]
[Result "1-0"]
[WhiteElo "2438"]
[BlackElo "2469"]
[PlyCount "105"]

1. d4 Nf6 2. c4 c5 3. d5 b5 4. cxb5 a6 5. bxa6 Bxa6 6. Nc3 g6 7. e4 Bxf1 8.
Kxf1 d6 9. g3 Bg7 10. Kg2 O-O 11. Nf3 Nbd7 12. h3 Ra6 13. Re1 Qa8 14. Qc2 e6
15. dxe6 fxe6 16. a4 d5 17. exd5 exd5 18. Nb5 Rb6 19. Nc7 Qc6 20. a5 Rbb8 21.
Ne6 Rfe8 22. Nxg7 Rxe1 23. Nxe1 d4+ 24. Kg1 Kxg7 25. Bf4 Ra8 26. Qe2 Re8 27.
Qc4 Ne4 28. Nf3 g5 29. Bxg5 Nxg3 30. fxg3 Qxf3 31. Qf1 Qxg3+ 32. Qg2 Qd3 33.
Bf6+ Kxf6 34. Rf1+ Ke7 35. Re1+ Kd8 36. Qg5+ Kc7 37. Rxe8 Qb1+ 38. Kh2 Qxb2+
39. Kg3 Qb3+ 40. Kh4 Qc2 41. Qg3+ Kc6 42. Qf3+ Kc7 43. a6 Qa2 44. Qf4+ Kc6 45.
Qf3+ Kc7 46. Qf4+ Kc6 47. Qf5 d3 48. Qe6+ Qxe6 49. Rxe6+ Kd5 50. a7 Kxe6 51.
a8=Q Ne5 52. Kg3 c4 53. Qa5 1-0

[Event "2e Open International de Balagne"]
[Site "Calvi"]
[Date "2005.02.25"]
[Round "8.6"]
[White "Stubberud, Ornulf"]
[Black "Zozulia, Anna"]
[Result "1/2-1/2"]
[WhiteElo "2093"]
[BlackElo "2411"]
[PlyCount "125"]

1. e4 c5 2. Nf3 a6 3. c4 Nc6 4. d4 cxd4 5. Nxd4 Nf6 6. Nc3 d6 7. Be2 e5 8. Nc2
Be7 9. Be3 O-O 10. O-O Be6 11. Qd2 Rc8 12. f3 Na5 13. b3 b5 14. Nd5 Nxd5 15.
cxd5 Bd7 16. Nb4 Ra8 17. Rac1 f5 18. exf5 Bxf5 19. Bd3 Bxd3 20. Qxd3 Bg5 21.
Nc6 Bxe3+ 22. Qxe3 Nxc6 23. dxc6 Qc7 24. Qd3 Rad8 25. Qd5+ Kh8 26. Rfd1 Rf6 27.
Kh1 h6 28. Rc2 Rc8 29. Rdc1 Qf7 30. Qxf7 Rxf7 31. Rd1 Rf6 32. c7 Kg8 33. Kg1
Kf7 34. Rc6 Ke7 35. Rxa6 Rxc7 36. Rb6 Rc2 37. Rb7+ Ke6 38. Rxb5 Rxa2 39. Rb6
Kd7 40. Rb7+ Kc6 41. Rxg7 Rb2 42. Rc1+ Kd5 43. Rb7 Rg6 44. g3 Rf6 45. Rf1 Kd4
46. Rb4+ Kc3 47. Rb6 Rxb3 48. Rxb3+ Kxb3 49. Kf2 d5 50. Ke3 Kc2 51. Rf2+ Kc3
52. Ra2 Rd6 53. Ra3+ Kc4 54. Kd2 Rb6 55. Rc3+ Kd4 56. Rd3+ Kc4 57. Rc3+ Kd4 58.
Rd3+ Kc5 59. Rc3+ Kd4 60. Rd3+ Kc5 61. Rc3+ Kd4 62. Rd3+ Kc5 63. Rc3+ 1/2-1/2

[Event "2e Open International de Balagne"]
[Site "Calvi"]
[Date "2005.02.25"]
[Round "8.7"]
[White "Thomassen, Joachim"]
[Black "Agdestein, Simen"]
[Result "0-1"]
[WhiteElo "1948"]
[BlackElo "2586"]
[PlyCount "82"]
[EventDate "2005.??.??"]

1. d4 Nf6 2. c4 e6 3. Nf3 b6 4. a3 Ba6 5. Qc2 c5 6. d5 exd5 7. cxd5 g6 8. g3
Bg7 9. Bg2 O-O 10. O-O d6 11. h3 Nbd7 12. Re1 b5 13. e4 Re8 14. Nc3 Qc8 15. Bf4
b4 16. Nd1 b3 17. Qxb3 Nxe4 18. Nd2 Nxd2 19. Bxd2 Ne5 20. Qa4 Rb8 21. Bc3 Bb5
22. Qc2 f5 23. f4 Nd3 24. Rxe8+ Qxe8 25. Bf1 Ne1 26. Qf2 Bxf1 27. Kxf1 Nd3 28.
Qe2 Qxe2+ 29. Kxe2 Nxb2 30. Bxb2 Bxb2 31. Rb1 Re8+ 32. Kd3 Bd4 33. Rb7 Re1 34.
Kd2 Rg1 35. Rb3 c4 36. Rf3 Rg2+ 37. Kc1 Ra2 38. Kb1 Ra1+ 39. Kc2 h5 40. h4 Kf7
41. Kd2 Ke8 0-1

[Event "2e Open International de Balagne"]
[Site "Calvi"]
[Date "2005.02.25"]
[Round "8.8"]
[White "Chatalbashev, Boris"]
[Black "Sanchez, Nicolas"]
[Result "1-0"]
[WhiteElo "2538"]
[BlackElo "2166"]
[PlyCount "53"]
[EventDate "2005.??.??"]

1. d4 Nf6 2. c4 g6 3. Nc3 Bg7 4. e4 d6 5. Bd3 O-O 6. Nge2 e5 7. d5 Na6 8. a3
Nc5 9. Bc2 a5 10. Rb1 a4 11. Be3 Bd7 12. f3 Qe8 13. O-O Ra6 14. Kh1 Qa8 15. Qd2
Rb8 16. Bg5 Ne8 17. f4 f6 18. Bh4 Bh6 19. Bf2 b5 20. Bxc5 dxc5 21. cxb5 Ra5 22.
d6 cxd6 23. b4 cxb4 24. Rxb4 Rbxb5 25. Nxb5 Bxb5 26. Rfb1 Qc6 27. R4b2 1-0

[Event "2e Open International de Balagne"]
[Site "Calvi"]
[Date "2005.02.25"]
[Round "8.9"]
[White "Galdunts, Sergey"]
[Black "Borstad, Thomas"]
[Result "1-0"]
[WhiteElo "2489"]
[BlackElo "1740"]
[PlyCount "111"]

1. e4 c5 2. Nf3 d6 3. Bc4 Nf6 4. d3 Nc6 5. c3 Bg4 6. Nbd2 e6 7. Bb5 Be7 8.
Bxc6+ bxc6 9. Qa4 Qc7 10. O-O e5 11. d4 cxd4 12. cxd4 Nd7 13. dxe5 Nxe5 14.
Nxe5 dxe5 15. Nc4 O-O 16. Be3 Rfb8 17. Rfc1 Rb4 18. Qa5 Qxa5 19. Nxa5 Rxb2 20.
Nxc6 Rb7 21. Rab1 Rc7 22. Nxe5 Rxc1+ 23. Rxc1 Be6 24. Nc6 Kf8 25. a4 a6 26.
Nxe7 Kxe7 27. Rc7+ Ke8 28. a5 Rc8 29. Ra7 Bc4 30. h4 Rd8 31. Bb6 Rd1+ 32. Kh2
h5 33. Kg3 Re1 34. Kf4 Bd3 35. f3 Rc1 36. Bd4 g6 37. Bf6 Rc8 38. g4 hxg4 39.
fxg4 Be2 40. Re7+ Kf8 41. Rd7 Bb5 42. Rd6 Rc5 43. e5 Rc8 44. h5 gxh5 45. gxh5
Kg8 46. Kg5 Kh7 47. Bd8 Rc6 48. Kf6 Kh6 49. Kxf7+ Kxh5 50. Rxc6 Bxc6 51. e6 Kg4
52. e7 Kf5 53. e8=Q Bxe8+ 54. Kxe8 Ke6 55. Be7 Kd5 56. Kd7 1-0

[Event "2e Open International de Balagne"]
[Site "Calvi"]
[Date "2005.02.25"]
[Round "8.10"]
[White "Tofte, Sondre Waage"]
[Black "Borchgrevink, Harald"]
[Result "0-1"]
[WhiteElo "1499"]
[BlackElo "2257"]
[PlyCount "72"]
[EventDate "2005.??.??"]

1. e4 c5 2. Nc3 Nc6 3. f4 g6 4. Nf3 Bg7 5. Bc4 e6 6. f5 Nge7 7. fxe6 dxe6 8. d3
O-O 9. O-O Na5 10. Bb3 Nxb3 11. axb3 e5 12. Qe1 f6 13. Be3 b6 14. Qh4 Qe8 15.
Nd2 Be6 16. Rf3 Qd7 17. Raf1 Rf7 18. Rg3 g5 19. Qh5 Ng6 20. h3 Nf4 21. Bxf4
exf4 22. Rgf3 Rff8 23. Kh2 Bf7 24. Qg4 Qxg4 25. hxg4 Be6 26. Ra1 Bxg4 27. Rff1
f5 28. Ra2 fxe4 29. Ncxe4 h6 30. Nc4 Be6 31. Ned6 g4 32. Rfa1 f3 33. Nxb6 g3+
34. Kxg3 Be5+ 35. Kf2 fxg2+ 36. Kxg2 axb6 0-1

[Event "2e Open International de Balagne"]
[Site "Calvi"]
[Date "2005.02.25"]
[Round "8.11"]
[White "Kirszenberg, Marc"]
[Black "Fossum, Oystein Boyum"]
[Result "1/2-1/2"]
[WhiteElo "2233"]
[BlackElo "2214"]
[PlyCount "64"]
[EventDate "2005.??.??"]

1. d4 Nf6 2. c4 c5 3. d5 e6 4. Nc3 exd5 5. cxd5 d6 6. e4 g6 7. f4 Bg7 8. Bb5+
Nfd7 9. a4 O-O 10. Nf3 Na6 11. O-O Nb4 12. Re1 a6 13. Bf1 Re8 14. h3 Qc7 15.
Be3 b6 16. Nd2 Rb8 17. Nc4 f5 18. Bf2 fxe4 19. Nxe4 Rxe4 20. Rxe4 Nf6 21. Re2
Nfxd5 22. Rd2 Bb7 23. Qb3 Kh8 24. Rad1 b5 25. axb5 axb5 26. Ne3 Nxf4 27. Rxd6
Be5 28. Rd7 Nxh3+ 29. Kh1 Nxf2+ 30. Kg1 Nh3+ 31. Kh1 Nf2+ 32. Kg1 Nh3+ 1/2-1/2